000 00740nam a2200253 i 4500
001 C2-0309000
003 PPAK
005 20180728095933.0
008 110519s my a|||| ||||| | may d
020 _a9789834429508
040 _aPPAK
_beng
_cPPAK
_erda
082 0 4 _a305.2309595
_223
090 0 0 _a305.2309595
_bMIS
_dKMI
100 0 _aMisni Surif,
_eauthor
245 1 0 _a60 tahun perjalanan Majlis Belia Negeri Pulau Pinang (1948-2008)
264 1 _aPulau Pinang :
_bMajlis Belia Negeri Pulau Pinang ,
300 _a128 pages :
_billustrations ;
_c20 cm
336 _2rdacontent
_atext
337 _2rdamedia
_aunmediated
338 _2rdacarrier
_avolume
650 1 0 _aYouth - Malaysia
700 _eauthor
942 _ddc
_cB
999 _c111559
_d111559